De eso no se habla..."; los usos de la diversidad sociocultural en la escuela /

Guardado en:
Autor Principal: Neufeld, María Rosa
Otros Autores: Thisted, Jens Ariel, comp.
Formato: Libro
Publicado: Buenos Aires : Eudeba
Series:Antropología social / dirigida por Mirtha Lischetti, María Neufeld, Hugo Trinchero
Materias:
Etiquetas: Agregar Etiqueta
Sin Etiquetas, Sea el primero en etiquetar este registro!
LEADER 01718nam a22002535a 4500
001 CEM.cems011332
005 20071018170356.0
008 130507b######################000#0#####d
003 CEMS
020 |a 9502309693 
082 0 4 |a 370.19 
100 1 |a Neufeld, María Rosa 
245 1 0 |a De eso no se habla..."; los usos de la diversidad sociocultural en la escuela /  |c Compilado Por María Rosa Neufeld y Jens Ariel Thisted 
260 |a Buenos Aires :  |b Eudeba 
300 |a 234 p. 
490 0 |a Antropología social / dirigida por Mirtha Lischetti, María Neufeld, Hugo Trinchero 
505 0 |a El crisol de razas hecho trizas: ciudadanía, exclusión y sufrimiento / M. R. Neufeld y J. A. Thisted -- Contextos urbanos e instituciones escolares. Los usos del espacio y construcción de la diferencia / M. P: Montesinos, S. Pallma -- Normativa migratoria. Su papel en la producción de discursos y representaciones sobre los inmigrantes / C. Orlog y C. Vives -- Discursos de exclusión: migrantes en la prensa / C. Courtis, L. Santillan -- La experiencia de la diversidad en los grupos escolares / A. Holstein -- Miradas de los docentes acerca de la diversidad sociocultural / J. Ghiglino, M. Lorenzo -- El tratamiento de la migración en los contenidos escolares. Nacionalismo, integración y marginación / G. Novaro -- La relación nosotros-otros en espacios escolares multiculturales. Estigma, estereotipo y racialización / L. Sinisi 
653 |a Educación 
653 |a Antropología social 
653 |a Diversidad y educación 
653 |a Educación y diversidad 
653 |a Diversidad sociocultural 
700 1 |a Thisted, Jens Ariel, comp. 
859 |a CEMS  |b BIB. CEMS - 11 de abril  |h 370.19  |i N393  |p 22254.03  |t Ej.1